[Event "II Open Svolta A"]
[Site "Torino ITA"]
[Date "2001.05.28"]
[Round "3"]
[White "Faraoni, Enrico"]
[Black "Drazic, Sinisa"]
[Result "0-1"]
[WhiteElo "2168"]
[BlackElo "2490"]
[PlyCount "84"]
[EventDate "2001.05.26"]

1. e4 Nf6 2. e5 Nd5 3. Bc4 Nb6 4. Bb3 d5 5. d4 Bf5 6. Ne2 e6 7. Be3 Nc6 8. O-O
h5 9. c3 Qd7 10. Bc2 Ne7 11. Nd2 h4 12. b3 f6 13. exf6 gxf6 14. c4 c6 15. a4
Nbc8 16. Re1 Nd6 17. Nc3 Kf7 18. c5 Bxc2 19. Qxc2 Ndf5 20. b4 Ng6 21. Nf3 Be7
22. b5 Rac8 23. Rab1 Bd8 24. h3 Rg8 25. Kf1 Ba5 26. Red1 Rg7 27. bxc6 bxc6 28.
Rb2 Kg8 29. Rdb1 e5 30. Rb7 Bc7 31. Ne2 e4 32. Ne1 Nxe3+ 33. fxe3 Qf5+ 34. Kg1
Qg5 35. Qd2 a5 36. R1b3 f5 37. Rxc7 Rcxc7 38. Qxa5 f4 39. exf4 Nxf4 40. Nxf4
Qxf4 41. Qa8+ Kh7 42. Rb8 Qe3+ 0-1

[Event "II Open Svolta A"]
[Site "Torino ITA"]
[Date "2001.05.28"]
[Round "3"]
[White "Mrdja, Milan"]
[Black "Sarno, Spartaco"]
[Result "1/2-1/2"]
[WhiteElo "2450"]
[BlackElo "2407"]
[PlyCount "37"]
[EventDate "2001.05.26"]

1. e4 d6 2. d4 g6 3. Nc3 Bg7 4. Be3 Nf6 5. f3 O-O 6. Qd2 c6 7. Bh6 b5 8. Bxg7
Kxg7 9. O-O-O Qa5 10. Kb1 Nbd7 11. Nce2 Qxd2 12. Rxd2 Nb6 13. b3 a5 14. Nc1 b4
15. Nge2 Nfd7 16. Nf4 c5 17. dxc5 Nxc5 18. Ncd3 Ncd7 19. h4 1/2-1/2

[Event "II Open Svolta A"]
[Site "Torino ITA"]
[Date "2001.05.28"]
[Round "3"]
[White "Pepino, Enrico"]
[Black "Malano, Francesco"]
[Result "1-0"]
[WhiteElo "1858"]
[BlackElo "2036"]
[PlyCount "103"]
[EventDate "2001.05.26"]

1. e4 c5 2. Nf3 Nc6 3. c4 g6 4. d4 cxd4 5. Nxd4 Bg7 6. Be3 Nf6 7. Nc3 Ng4 8.
Qxg4 Nxd4 9. Qd1 Ne6 10. Qd2 d6 11. Be2 b6 12. O-O Bb7 13. f3 O-O 14. Rfd1 f5
15. exf5 gxf5 16. Rac1 f4 17. Bf2 Kh8 18. Bd3 Qe8 19. Re1 Nc5 20. Bb1 Qf7 21.
Nd5 Be5 22. Bd4 Nd7 23. Qd3 Bxd4+ 24. Qxd4+ e5 25. Qd3 Nc5 26. Qd2 Ne6 27. Nc3
Nd4 28. Nb5 Nxb5 29. cxb5 d5 30. Rxe5 Qg7 31. Rce1 Rf7 32. Rh5 h6 33. Qe2 Raf8
34. Qe5 Qxe5 35. Rxh6+ Kg7 36. Rg6+ Kh8 37. Rxe5 Rg7 38. Rh5+ Kg8 39. Rxg7+
Kxg7 40. Rh7+ Kf6 41. Rxb7 Rc8 42. Bd3 Ke5 43. Kf2 Kd4 44. Bf5 Rc5 45. Rxa7
Rxb5 46. Rc7 Rxb2+ 47. Rc2 Rb5 48. h4 Ke5 49. Bd3 Ra5 50. h5 Kd4 51. Bg6 Ra6
52. h6 1-0

[Event "II Open Svolta A"]
[Site "Torino ITA"]
[Date "2001.05.28"]
[Round "3"]
[White "Rossi, Vittorio"]
[Black "Scarenzio, Renato"]
[Result "1-0"]
[WhiteElo "1900"]
[BlackElo "2107"]
[PlyCount "89"]
[EventDate "2001.05.26"]

1. e4 c6 2. d4 d5 3. exd5 cxd5 4. Bd3 Nf6 5. c3 Nc6 6. h3 e5 7. dxe5 Nxe5 8.
Bc2 Bc5 9. Nf3 Qe7 10. Nxe5 Qxe5+ 11. Qe2 Qxe2+ 12. Kxe2 O-O 13. Be3 Re8 14.
Nd2 Bd7 15. Rhe1 Bxe3 16. fxe3 Bb5+ 17. Kf2 Ne4+ 18. Nxe4 dxe4 19. Rad1 Re5 20.
Rd4 Rae8 21. c4 Rf5+ 22. Kg1 Bc6 23. b4 a6 24. a4 b5 25. cxb5 axb5 26. a5 Bb7
27. Red1 Kf8 28. Rd7 Bc8 29. Rc7 Rfe5 30. Bb3 R5e7 31. Rdc1 Bb7 32. Rxe7 Rxe7
33. Rc5 Rd7 34. Rxb5 Ke7 35. Rb6 Bc8 36. a6 Kd8 37. b5 Ra7 38. Bd5 f5 39. Be6
Bxe6 40. Rxe6 Kd7 41. Rc6 g6 42. g4 fxg4 43. hxg4 Ra8 44. Rf6 Ke7 45. Rb6 1-0

[Event "II Open Svolta A"]
[Site "Torino ITA"]
[Date "2001.05.28"]
[Round "3"]
[White "Soncin, Denis"]
[Black "Fittante, Giuliana"]
[Result "1-0"]
[WhiteElo "2086"]
[BlackElo "1812"]
[PlyCount "61"]
[EventDate "2001.05.26"]

1. e4 e5 2. Bc4 Nf6 3. d4 Nc6 4. Nf3 exd4 5. e5 d5 6. Bb5 Ne4 7. Nxd4 Bd7 8.
Bxc6 bxc6 9. O-O g6 10. Be3 Bg7 11. f3 Ng5 12. Qd2 Ne6 13. f4 O-O 14. Nc3 Nxd4
15. Bxd4 a6 16. Ne2 Qe7 17. Qe3 Rfe8 18. Bc5 Qh4 19. Nd4 Rab8 20. b4 Qh6 21.
Rae1 Bf8 22. Bxf8 Qxf8 23. f5 gxf5 24. Nxf5 Bxf5 25. Rxf5 Qxb4 26. Qg5+ Kf8 27.
Ref1 Qd4+ 28. Kh1 Re7 29. Qf6 Ke8 30. Qh8+ Kd7 31. Qxb8 1-0

[Event "II Open Svolta A"]
[Site "Torino ITA"]
[Date "2001.05.29"]
[Round "4"]
[White "Drazic, Sinisa"]
[Black "Mrdja, Milan"]
[Result "1/2-1/2"]
[WhiteElo "2490"]
[BlackElo "2450"]
[PlyCount "91"]
[EventDate "2001.05.26"]

1. c4 g6 2. Nc3 Bg7 3. d4 Nf6 4. e4 d6 5. h3 O-O 6. Be3 Na6 7. Nf3 c6 8. Be2
Nc7 9. d5 c5 10. O-O Nd7 11. a4 Re8 12. Qd2 a6 13. Ne1 e6 14. Nc2 exd5 15. exd5
f5 16. a5 Rb8 17. Ra3 Ne5 18. Na4 Bd7 19. Nb6 Na8 20. Nxa8 Rxa8 21. b4 cxb4 22.
Qxb4 Rc8 23. f4 Nf7 24. Rf2 Re7 25. Bf1 Qe8 26. g3 h6 27. Kh2 Kh7 28. Rf3 Qf8
29. Bf2 Rce8 30. Nd4 Qh8 31. Qd2 Re4 32. Nc2 Qf8 33. Rab3 Bc8 34. Rb6 Bf6 35.
Bd3 R4e7 36. Nd4 Qg7 37. Ne2 Rc7 38. Re3 Rxe3 39. Bxe3 Re7 40. Bf2 Re8 41. Ng1
Bc3 42. Qa2 Bd4 43. Bxd4 Qxd4 44. Qd2 Kg8 45. Kg2 Re3 46. Rb3 1/2-1/2

[Event "II Open Svolta A"]
[Site "Torino ITA"]
[Date "2001.05.29"]
[Round "4"]
[White "Fittante, Giuliana"]
[Black "Pepino, Enrico"]
[Result "1/2-1/2"]
[WhiteElo "1812"]
[BlackElo "1858"]
[PlyCount "57"]
[EventDate "2001.05.26"]

1. d4 g6 2. Nf3 Bg7 3. Bf4 d6 4. c3 Nf6 5. h3 O-O 6. Nbd2 Nbd7 7. e3 Re8 8. Bc4
c6 9. O-O b5 10. Bb3 Bb7 11. Ng5 Rf8 12. a4 a6 13. Qe2 Qb6 14. e4 e5 15. Be3 c5
16. dxc5 dxc5 17. axb5 axb5 18. Rxa8 Bxa8 19. Ra1 Bc6 20. Bc2 Qb7 21. b4 c4 22.
Ra7 Qb8 23. Qe1 Nh5 24. Qa1 Rc8 25. g3 Bh6 26. Kh2 f6 27. Ne6 Bxe3 28. fxe3 Ng7
29. Nxg7 1/2-1/2

[Event "II Open Svolta A"]
[Site "Torino ITA"]
[Date "2001.05.29"]
[Round "4"]
[White "Lo Curto, Emanuele"]
[Black "Faraoni, Enrico"]
[Result "1-0"]
[WhiteElo "2106"]
[BlackElo "2168"]
[PlyCount "63"]
[EventDate "2001.05.26"]

1. e4 c5 2. Nf3 Nc6 3. d4 cxd4 4. Nxd4 e5 5. Nb5 d6 6. N1c3 a6 7. Na3 f5 8.
exf5 Bxf5 9. Nc4 Be6 10. Ne3 Nf6 11. Ned5 Nxd5 12. Nxd5 Qa5+ 13. Nc3 d5 14. Bd2
Qd8 15. Be2 Qh4 16. O-O Bc5 17. Be1 Rd8 18. Kh1 Qf6 19. f3 O-O 20. Bg3 Qg5 21.
Bd3 Rf6 22. Qe1 Qh5 23. f4 e4 24. Be2 Qf5 25. Bh4 d4 26. g4 Qg6 27. f5 Rxf5 28.
gxf5 Bxf5 29. Bxd8 dxc3 30. Qxc3 Bd4 31. Qb3+ Be6 32. Bc4 1-0

[Event "II Open Svolta A"]
[Site "Torino ITA"]
[Date "2001.05.29"]
[Round "4"]
[White "Malano, Francesco"]
[Black "Diana, Riccardo"]
[Result "1/2-1/2"]
[WhiteElo "2036"]
[BlackElo "2190"]
[PlyCount "128"]
[EventDate "2001.05.26"]

1. Nf3 Nf6 2. b3 c5 3. Bb2 Nc6 4. g3 d5 5. d4 e6 6. Bg2 Be7 7. O-O O-O 8. e3 b6
9. c4 Bb7 10. Nc3 Rc8 11. Rc1 dxc4 12. dxc5 Bxc5 13. Na4 Be7 14. bxc4 Na5 15.
Bxf6 gxf6 16. Qe2 Qd7 17. Nb2 Ba3 18. Rfd1 Qe7 19. Rd4 Kh8 20. Rc2 Rfd8 21. Rh4
Qf8 22. Nd3 Be7 23. Nd2 f5 24. Bxb7 Nxb7 25. Rd4 Bf6 26. Rxd8 Rxd8 27. Nb3 Qd6
28. Nf4 Qd1+ 29. Qxd1 Rxd1+ 30. Kg2 Rd8 31. Kf3 Kg8 32. Ke2 Rd7 33. Rc1 Kf8 34.
c5 bxc5 35. Nxc5 Nxc5 36. Rxc5 Rb7 37. Nd3 Ke7 38. Ra5 Kf8 39. Kf3 Bd8 40. Ra4
Bb6 41. Rc4 Kg7 42. h3 Rd7 43. Rc3 Kf6 44. g4 fxg4+ 45. hxg4 Rc7 46. Rxc7 Bxc7
47. Kg2 h5 48. gxh5 Kg5 49. e4 Kxh5 50. Kf3 Kg5 51. Nc5 Bb6 52. Nd3 Bd4 53. Kg3
Kf6 54. f4 Ke7 55. Kg4 a5 56. f5 Kd6 57. fxe6 fxe6 58. Kf4 Bg7 59. Ke3 Bf6 60.
a4 Kc6 61. Kf4 Bc3 62. Kg5 Kd6 63. Kg6 Bd4 64. Kf7 Bb6 1/2-1/2

[Event "II Open Svolta A"]
[Site "Torino ITA"]
[Date "2001.05.29"]
[Round "4"]
[White "Sarno, Spartaco"]
[Black "Rossi, Vittorio"]
[Result "1-0"]
[WhiteElo "2407"]
[BlackElo "1900"]
[PlyCount "153"]
[EventDate "2001.05.26"]

1. c4 c6 2. Nf3 d5 3. b3 Nf6 4. Bb2 e6 5. g3 Nbd7 6. Bg2 Be7 7. O-O O-O 8. Qc2
Ne4 9. d3 Nd6 10. e4 dxe4 11. dxe4 Qc7 12. Nc3 Rd8 13. Rad1 Ne8 14. e5 b6 15.
Ne4 Bb7 16. Nfg5 Nf8 17. f4 c5 18. Nf3 Rxd1 19. Rxd1 Rd8 20. Ne1 Rd7 21. Bc3
Qd8 22. Rxd7 Qxd7 23. Qd3 Bc6 24. Qxd7 Bxd7 25. Nc2 Ng6 26. a3 a5 27. Kf2 Bd8
28. b4 axb4 29. axb4 Ba4 30. Na3 cxb4 31. Bxb4 Ne7 32. Nc3 Bd7 33. Nc2 Nc6 34.
Ba3 Na5 35. Ne3 Nb3 36. Ne4 b5 37. c5 Ba5 38. Nc2 Nc7 39. Nd6 b4 40. Nxb4 Bxb4
41. Bxb4 Na6 42. Ba3 Naxc5 43. Ke3 Na6 44. Nb7 Nb8 45. Bb4 Bc6 46. Bxc6 Nxc6
47. Bc3 Nc1 48. Na5 Na2 49. Nxc6 Nxc3 50. Kd4 Nd5 51. f5 Nc7 52. g4 Kf8 53. Kc5
Ke8 54. f6 gxf6 55. exf6 Nd5 56. g5 Nf4 57. Nd4 Nh3 58. Nf3 Kd7 59. Kd4 Ke8 60.
Ke3 Kf8 61. Ne5 Ke8 62. Nf3 Kd7 63. Kd4 Ke8 64. Ke4 Kd7 65. Ne5+ Ke8 66. Ke3
Kf8 67. Nd3 Ke8 68. Nc5 Nxg5 69. h4 Nh3 70. Nd3 h6 71. Kf3 Kd7 72. Kg2 Ng5 73.
hxg5 hxg5 74. Ne5+ Kd6 75. Nxf7+ Kd5 76. Nxg5 e5 77. f7 1-0

[Event "II Open Svolta A"]
[Site "Torino ITA"]
[Date "2001.05.29"]
[Round "4"]
[White "Scarenzio, Renato"]
[Black "Soncin, Denis"]
[Result "0-1"]
[WhiteElo "2107"]
[BlackElo "2086"]
[PlyCount "126"]
[EventDate "2001.05.26"]

1. d4 Nf6 2. c4 g6 3. Nc3 d5 4. cxd5 Nxd5 5. e4 Nxc3 6. bxc3 Bg7 7. Bc4 c5 8.
Ne2 Nc6 9. Be3 O-O 10. O-O Qc7 11. Bf4 e5 12. dxe5 Bxe5 13. Qd2 Be6 14. Bd5
Rad8 15. Rac1 c4 16. Rfd1 Rd7 17. Rb1 Rfd8 18. Rb5 a6 19. Rc5 Bxd5 20. Rxd5
Rxd5 21. exd5 Bxf4 22. Nxf4 Qd6 23. Qe3 Qe5 24. Re1 Qxe3 25. fxe3 Ne5 26. h4
Kf8 27. a4 Ke7 28. Rb1 Rd7 29. Rd1 Kd6 30. Kf2 Kc5 31. e4 b5 32. axb5 Kxb5 33.
Rb1+ Kc5 34. Rb8 Ra7 35. Rc8+ Kd6 36. Ke3 a5 37. Rd8+ Ke7 38. Rh8 a4 39. Kd4
Kf6 40. Rb8 a3 41. Rb1 a2 42. Ra1 Ra4 43. Ne2 Nd3 44. e5+ Nxe5 45. Nc1 Ra8 46.
Rxa2 Rxa2 47. Nxa2 Kf5 48. Nb4 h5 49. Nc2 Kf4 50. d6 f6 51. Ne3 Kg3 52. Kd5
Kxh4 53. Nxc4 Nd7 54. Kc6 Nf8 55. Kc7 Kg3 56. Kd8 Ne6+ 57. Ke7 Nc5 58. Nb2 Kxg2
59. Nd3 Nxd3 60. d7 Ne5 61. d8=N h4 62. Kxf6 h3 63. Kxe5 h2 0-1

[Event "II Open Svolta A"]
[Site "Torino ITA"]
[Date "2001.05.30"]
[Round "5"]
[White "Diana, Riccardo"]
[Black "Scarenzio, Renato"]
[Result "1/2-1/2"]
[WhiteElo "2190"]
[BlackElo "2107"]
[PlyCount "94"]
[EventDate "2001.05.26"]

1. c4 c6 2. d4 d5 3. Nf3 Nf6 4. cxd5 cxd5 5. Nc3 Nc6 6. Bf4 e6 7. e3 Be7 8. Bd3
O-O 9. h3 Bd7 10. O-O Rc8 11. Ne5 Qb6 12. Bg5 Qxb2 13. Bxf6 Nxe5 14. Bxe7 Nxd3
15. Bxf8 Qxc3 16. Bd6 Bb5 17. Qb3 Qxb3 18. axb3 a6 19. Rfd1 Rc6 20. Bg3 Rc2 21.
Rab1 Kf8 22. Bd6+ Ke8 23. Rf1 Kd7 24. Ba3 f5 25. Bf8 g6 26. Ba3 h6 27. Bf8 h5
28. h4 Ke8 29. Bh6 Ke7 30. Bg5+ Kd7 31. Bh6 b6 32. Bf8 Ke8 33. Bd6 Kd8 34. Bf8
a5 35. Bd6 Ba6 36. Ra1 Bb5 37. Bf8 Ke8 38. Bd6 Kd7 39. Bf8 Rc8 40. Ba3 Rc3 41.
Rab1 Ba6 42. Bf8 Rc8 43. Ba3 Rc2 44. Bf8 Kc6 45. Be7 Bb5 46. Bd8 Kb7 47. Ra1
Ba6 1/2-1/2

[Event "II Open Svolta A"]
[Site "Torino ITA"]
[Date "2001.05.30"]
[Round "5"]
[White "Lo Curto, Emanuele"]
[Black "Sarno, Spartaco"]
[Result "0-1"]
[WhiteElo "2106"]
[BlackElo "2407"]
[PlyCount "110"]
[EventDate "2001.05.26"]

1. e4 d6 2. d4 Nf6 3. Nc3 g6 4. Be3 Bg7 5. Qd2 O-O 6. Nf3 c6 7. Bh6 b5 8. Bd3
Nbd7 9. O-O e5 10. Bxg7 Kxg7 11. a4 b4 12. Ne2 c5 13. dxe5 Nxe5 14. Nxe5 dxe5
15. Qe3 Qe7 16. Bc4 Bb7 17. f3 Rad8 18. Rfd1 Rd6 19. Ng3 Rfd8 20. Qe2 h5 21.
Nf1 h4 22. Rxd6 Rxd6 23. Rd1 Nh5 24. Rxd6 Qxd6 25. Qd2 Qe7 26. g3 Bc8 27. Kg2
f5 28. Bd3 f4 29. g4 Nf6 30. Bc4 Kf8 31. Qd3 g5 32. Nd2 Qc7 33. h3 Ke7 34. Kf2
Qd7 35. Qxd7+ Bxd7 36. Bb3 Bc8 37. Nc4 Nd7 38. Na5 Kd6 39. Nc4+ Kc7 40. Nd2 Nf8
41. Nc4 Ng6 42. Nd2 Ne7 43. Ke1 Bd7 44. Kf2 Nc6 45. Bd5 Na5 46. b3 Kd6 47. Ke2
Be6 48. Kd3 Bxd5 49. exd5 Kxd5 50. Ne4 c4+ 51. bxc4+ Nxc4 52. Nxg5 Nb2+ 53. Kd2
Nxa4 54. Ne4 Nc5 55. Ng5 a5 0-1

[Event "II Open Svolta A"]
[Site "Torino ITA"]
[Date "2001.05.30"]
[Round "5"]
[White "Malano, Francesco"]
[Black "Fittante, Giuliana"]
[Result "1-0"]
[WhiteElo "2036"]
[BlackElo "1812"]
[PlyCount "67"]
[EventDate "2001.05.26"]

1. Nf3 Nf6 2. c4 g6 3. Nc3 Bg7 4. d4 d6 5. e4 Nbd7 6. Bg5 O-O 7. Qd2 c5 8. d5
Re8 9. Bd3 Ng4 10. h3 Nge5 11. Nxe5 Nxe5 12. Be2 f5 13. exf5 Bxf5 14. g4 Bd7
15. O-O Nf7 16. Bh4 Qa5 17. Rae1 Rab8 18. Kg2 e6 19. dxe6 Bxe6 20. Rd1 Bxc3 21.
bxc3 Qa4 22. Qf4 Qxa2 23. Rd2 Qa6 24. Bf6 Rbc8 25. h4 Rf8 26. h5 Ne5 27. hxg6
Qc6+ 28. f3 Nxg6 29. Qg5 Bxg4 30. Rfd1 d5 31. Be7 Rf7 32. cxd5 Qe8 33. d6 Bd7
34. Bc4 1-0

[Event "II Open Svolta A"]
[Site "Torino ITA"]
[Date "2001.05.30"]
[Round "5"]
[White "Pepino, Enrico"]
[Black "Faraoni, Enrico"]
[Result "1/2-1/2"]
[WhiteElo "1858"]
[BlackElo "2168"]
[PlyCount "79"]
[EventDate "2001.05.26"]

1. e4 Na6 2. f4 d5 3. e5 Bf5 4. Nf3 d4 5. Bxa6 bxa6 6. d3 h5 7. O-O e6 8. Nbd2
Nh6 9. Nc4 Be7 10. a4 Rb8 11. b3 Qd5 12. Ba3 c5 13. Qd2 O-O 14. Rae1 Rbc8 15.
Qe2 Bg4 16. h3 Bxf3 17. Qxf3 h4 18. Qxd5 exd5 19. Nd6 Bxd6 20. exd6 Rfd8 21.
Re7 Rxd6 22. f5 Rf6 23. Re5 c4 24. Rxd5 cxb3 25. cxb3 Rc3 26. Be7 Rb6 27. Rxd4
Rbxb3 28. Bg5 Rxd3 29. Rxh4 Rb2 30. f6 Rg3 31. Bf4 Rgxg2+ 32. Kh1 Ra2 33. Rd1
Rg6 34. fxg7 Kxg7 35. Be5+ f6 36. Rd7+ Nf7 37. Bd4 Rc2 38. Rxa7 Rc1+ 39. Kh2
Rc2+ 40. Kh1 1/2-1/2

[Event "II Open Svolta A"]
[Site "Torino ITA"]
[Date "2001.05.30"]
[Round "5"]
[White "Rossi, Vittorio"]
[Black "Mrdja, Milan"]
[Result "0-1"]
[WhiteElo "1900"]
[BlackElo "2450"]
[PlyCount "50"]
[EventDate "2001.05.26"]

1. e4 c5 2. d4 cxd4 3. c3 dxc3 4. Nxc3 e6 5. Nf3 d6 6. Bc4 Nc6 7. O-O a6 8. Be3
Bd7 9. Rc1 Nf6 10. Qe2 Ng4 11. Bf4 Nge5 12. Nxe5 dxe5 13. Bg3 Be7 14. Nd1 O-O
15. Ne3 Bg5 16. Rc3 Rc8 17. Qh5 g6 18. Qh3 h5 19. Rd1 h4 20. Rcd3 Rc7 21. Qg4
hxg3 22. hxg3 Bxe3 23. Rxe3 Qe7 24. f4 Qc5 25. Qe2 Nd4 0-1

[Event "II Open Svolta A"]
[Site "Torino ITA"]
[Date "2001.05.30"]
[Round "5"]
[White "Soncin, Denis"]
[Black "Drazic, Sinisa"]
[Result "0-1"]
[WhiteElo "2086"]
[BlackElo "2490"]
[PlyCount "51"]
[EventDate "2001.05.26"]

1. e4 g6 2. d4 d6 3. Nc3 Bg7 4. Nf3 a6 5. a4 Nf6 6. Be2 O-O 7. O-O b6 8. Re1
Bb7 9. Bf1 e6 10. Bd2 h6 11. Qc1 Kh7 12. Bd3 Nc6 13. Nd1 a5 14. c3 e5 15. d5
Ne7 16. b4 Nh5 17. bxa5 Rxa5 18. c4 Nf4 19. Nb2 Ra7 20. a5 bxa5 21. Bxa5 Qd7
22. Qd2 Nxg2 23. Kxg2 Qg4+ 24. Kf1 Qxf3 25. Qe3 Qxe3 26. fxe3 0-1

[Event "II Open Svolta A"]
[Site "Torino ITA"]
[Date "2001.05.31"]
[Round "6"]
[White "Diana, Riccardo"]
[Black "Pepino, Enrico"]
[Result "1/2-1/2"]
[WhiteElo "2190"]
[BlackElo "1858"]
[PlyCount "81"]
[EventDate "2001.05.26"]

1. Nf3 g6 2. c4 Bg7 3. d4 Nf6 4. g3 c5 5. Bg2 O-O 6. O-O cxd4 7. Nxd4 Nc6 8.
Nxc6 dxc6 9. Qc2 Qc7 10. Nc3 e5 11. b3 Bf5 12. e4 Be6 13. h3 Rfd8 14. Be3 Nd7
15. Rad1 Bf8 16. Qe2 f6 17. Kh2 Bf7 18. Qc2 Nc5 19. f4 Rxd1 20. Rxd1 Rd8 21.
fxe5 fxe5 22. Qf2 Rxd1 23. Nxd1 b6 24. Qd2 Qd6 25. Qxd6 Bxd6 26. Nf2 Kg7 27.
Bf1 Ne6 28. Kg2 Bc5 29. Bxc5 Nxc5 30. Kf3 Kf6 31. Ke3 a5 32. Kd2 h5 33. Kc3 g5
34. a3 Bg6 35. Bd3 Ke7 36. Bc2 Kd6 37. b4 axb4+ 38. axb4 Nd7 39. Bd3 Nf6 40.
Bc2 Bf7 41. Bd3 1/2-1/2

[Event "II Open Svolta A"]
[Site "Torino ITA"]
[Date "2001.05.31"]
[Round "6"]
[White "Faraoni, Enrico"]
[Black "Fittante, Giuliana"]
[Result "1-0"]
[WhiteElo "2168"]
[BlackElo "1812"]
[PlyCount "31"]
[EventDate "2001.05.26"]

1. e4 e5 2. Nf3 Nf6 3. Nxe5 d6 4. Nxf7 Kxf7 5. Nc3 g6 6. d4 Be7 7. f4 Re8 8.
Be3 Nxe4 9. Nxe4 Bh4+ 10. Kd2 Rxe4 11. Bd3 Rxe3 12. Kxe3 Qe7+ 13. Kd2 Bf2 14.
Qf3 Bxd4 15. Qd5+ Kf8 16. Qxd4 1-0

[Event "II Open Svolta A"]
[Site "Torino ITA"]
[Date "2001.05.31"]
[Round "6"]
[White "Mrdja, Milan"]
[Black "Soncin, Denis"]
[Result "1-0"]
[WhiteElo "2450"]
[BlackElo "2086"]
[PlyCount "45"]
[EventDate "2001.05.26"]

1. e4 c5 2. Nf3 a6 3. c4 Nc6 4. d4 cxd4 5. Nxd4 e5 6. Nc2 Bc5 7. Bd3 Nge7 8.
Nc3 O-O 9. O-O d6 10. Be3 Bxe3 11. Nxe3 Nd4 12. Qd2 Ng6 13. Ne2 Nf3+ 14. gxf3
Nh4 15. Qc1 Nxf3+ 16. Kg2 Ng5 17. Kh1 f5 18. Nxf5 Bxf5 19. exf5 e4 20. Bc2 d5
21. Qf4 Rc8 22. Rad1 Rxc4 23. Bb3 1-0

[Event "II Open Svolta A"]
[Site "Torino ITA"]
[Date "2001.05.31"]
[Round "6"]
[White "Rossi, Vittorio"]
[Black "Lo Curto, Emanuele"]
[Result "1-0"]
[WhiteElo "1900"]
[BlackElo "2106"]
[PlyCount "67"]
[EventDate "2001.05.26"]

1. e4 c5 2. d4 cxd4 3. c3 Nf6 4. e5 Nd5 5. cxd4 e6 6. Nc3 Nb6 7. Nf3 Be7 8. Bd3
Nc6 9. O-O d5 10. Be3 a6 11. Rc1 Nb4 12. Bb1 Nc4 13. Nd2 Nxb2 14. Qg4 Kf8 15.
Qe2 Bd7 16. f4 Rc8 17. f5 exf5 18. Bxf5 Bxf5 19. Rxf5 N2d3 20. Rcf1 Rxc3 21.
Rxf7+ Ke8 22. Qg4 g6 23. Bh6 Rc6 24. Qf3 Qb6 25. Nb3 Nxe5 26. Qf2 Nxf7 27.
Qxf7+ Kd8 28. Re1 Bf6 29. Bf8 Rxf8 30. Qxf8+ Kd7 31. Re8 Bxd4+ 32. Kh1 Rd6 33.
Re7+ Kc6 34. Qe8+ 1-0

[Event "II Open Svolta A"]
[Site "Torino ITA"]
[Date "2001.05.31"]
[Round "6"]
[White "Sarno, Spartaco"]
[Black "Drazic, Sinisa"]
[Result "1/2-1/2"]
[WhiteElo "2407"]
[BlackElo "2490"]
[PlyCount "59"]
[EventDate "2001.05.26"]

1. c4 Nf6 2. Nf3 c5 3. g3 b6 4. Bg2 Bb7 5. O-O g6 6. Nc3 Bg7 7. Re1 Ne4 8. Nxe4
Bxe4 9. d3 Bb7 10. Rb1 Na6 11. a3 O-O 12. e4 d6 13. b4 e5 14. Bg5 f6 15. Bd2
Nc7 16. Nh4 Qd7 17. a4 cxb4 18. Bxb4 Bc6 19. a5 b5 20. d4 bxc4 21. dxe5 fxe5
22. Qxd6 Rf6 23. Qxd7 Bxd7 24. Nf3 Rc6 25. Bc3 Re8 26. Bf1 Bg4 27. Nd2 Be6 28.
Nf3 Bg4 29. Nd2 Be6 30. Nf3 1/2-1/2

[Event "II Open Svolta A"]
[Site "Torino ITA"]
[Date "2001.05.31"]
[Round "6"]
[White "Scarenzio, Renato"]
[Black "Malano, Francesco"]
[Result "1-0"]
[WhiteElo "2107"]
[BlackElo "2036"]
[PlyCount "82"]
[EventDate "2001.05.26"]

1. d4 c5 2. d5 e5 3. e4 d6 4. c4 Be7 5. Nf3 Bg4 6. Be2 Bxf3 7. Bxf3 Nd7 8. Nc3
Bg5 9. Bxg5 Qxg5 10. Qb3 b6 11. Nb5 Ke7 12. Qa4 a6 13. Nxd6 Nh6 14. Qc6 g6 15.
Nxf7 Kxf7 16. Qe6+ Kg7 17. Qxd7+ Nf7 18. Rd1 a5 19. d6 Rhd8 20. Qc7 Rab8 21.
O-O Rdc8 22. Qd7 Rd8 23. Qe6 Qf6 24. Qxf6+ Kxf6 25. d7 Ke7 26. Bg4 h5 27. Bh3
Ng5 28. Rd5 Nxh3+ 29. gxh3 Rxd7 30. Rxe5+ Kf6 31. Rd5 Rxd5 32. cxd5 Ke5 33. f3
c4 34. Kf2 Rc8 35. Rg1 Kf6 36. Rc1 Ke5 37. Ke3 g5 38. h4 gxh4 39. f4+ Kf6 40.
e5+ Kf7 41. f5 b5 1-0

[Event "II Open Svolta A"]
[Site "Torino ITA"]
[Date "2001.06.01"]
[Round "7"]
[White "Drazic, Sinisa"]
[Black "Rossi, Vittorio"]
[Result "1-0"]
[WhiteElo "2490"]
[BlackElo "1900"]
[PlyCount "39"]
[EventDate "2001.05.26"]

1. d4 d5 2. c4 e6 3. g3 Nf6 4. Bg2 Be7 5. Nf3 O-O 6. O-O Nbd7 7. a4 b6 8. a5
Ba6 9. Ne5 Qc8 10. Nc3 Bb7 11. Qa4 a6 12. Bg5 Re8 13. Nxd7 Nxd7 14. Bxe7 Rxe7
15. cxd5 exd5 16. Bxd5 Bxd5 17. Nxd5 Rxe2 18. Rac1 b5 19. Qd1 Re4 20. Qf3 1-0

[Event "II Open Svolta A"]
[Site "Torino ITA"]
[Date "2001.06.01"]
[Round "7"]
[White "Fittante, Giuliana"]
[Black "Diana, Riccardo"]
[Result "1/2-1/2"]
[WhiteElo "1812"]
[BlackElo "2190"]
[PlyCount "83"]
[EventDate "2001.05.26"]

1. d4 Nf6 2. Nf3 e6 3. Bg5 h6 4. Bh4 c5 5. e3 Qb6 6. Qc1 Nc6 7. c3 d5 8. Nbd2
Bd7 9. Bd3 Rc8 10. dxc5 Bxc5 11. Nb3 Be7 12. Qd1 e5 13. Bc2 Be6 14. O-O O-O 15.
Bg3 Bg4 16. Qb1 Bxf3 17. gxf3 Rcd8 18. Re1 Nh5 19. Bh7+ Kh8 20. Bf5 Rd6 21. Qd3
g6 22. Bh3 f5 23. f4 e4 24. Qe2 a5 25. Rad1 Bf6 26. c4 Qd8 27. Rxd5 Rxd5 28.
cxd5 Qxd5 29. Rd1 Qf7 30. Bf1 Rd8 31. Rxd8+ Bxd8 32. Qd2 Ng7 33. Bb5 Qc7 34.
Qd5 Nb4 35. Qe5 Qb6 36. Nd4 Kh7 37. Bc4 Bf6 38. Qb8 Qd8 39. Qxb7 Bxd4 40. exd4
Qxd4 41. Qf7 Qd1+ 42. Kg2 1/2-1/2

[Event "II Open Svolta A"]
[Site "Torino ITA"]
[Date "2001.06.01"]
[Round "7"]
[White "Malano, Francesco"]
[Black "Lo Curto, Emanuele"]
[Result "1-0"]
[WhiteElo "2036"]
[BlackElo "2106"]
[PlyCount "57"]
[EventDate "2001.05.26"]

1. Nf3 Nf6 2. g3 g6 3. b3 Bg7 4. Bb2 d6 5. d4 O-O 6. Bg2 c5 7. O-O Nbd7 8. c4
Rb8 9. Nc3 a6 10. a4 b6 11. d5 Ne4 12. Qc2 Nxc3 13. Bxc3 Nf6 14. e4 b5 15. Nd2
e6 16. axb5 axb5 17. e5 Ng4 18. exd6 exd5 19. Bxg7 Kxg7 20. cxd5 Qxd6 21. Qc3+
f6 22. Rfc1 Re8 23. h3 b4 24. Qxc5 Qxc5 25. Rxc5 Ne5 26. Rc7+ Kf8 27. Raa7 Nd3
28. Ne4 Rb6 29. d6 1-0

[Event "II Open Svolta A"]
[Site "Torino ITA"]
[Date "2001.06.01"]
[Round "7"]
[White "Pepino, Enrico"]
[Black "Mrdja, Milan"]
[Result "0-1"]
[WhiteElo "1858"]
[BlackElo "2450"]
[PlyCount "98"]
[EventDate "2001.05.26"]

1. e4 d6 2. d4 Nf6 3. Nc3 c6 4. f4 Qa5 5. Bd3 e5 6. dxe5 dxe5 7. Nf3 Bg4 8. O-O
Nbd7 9. h3 h5 10. Re1 Bc5+ 11. Kf1 Bxf3 12. Qxf3 h4 13. Be3 Bxe3 14. Qxe3 exf4
15. Qf2 Qe5 16. Nd5 Nh5 17. Kg1 Kf8 18. Nc3 Ng3 19. Rad1 Nf6 20. a4 g5 21. Ne2
Nxe2+ 22. Bxe2 Kg7 23. Qd4 Rhe8 24. Bf3 Qxd4+ 25. Rxd4 Re5 26. b4 Rae8 27. c3
R8e7 28. a5 a6 29. Rd6 R5e6 30. Red1 Rxd6 31. Rxd6 Nxe4 32. Bxe4 Rxe4 33. Rd7
Rc4 34. Rxb7 Rxc3 35. Rb6 c5 36. bxc5 Rxc5 37. Rxa6 Rc2 38. Ra8 Ra2 39. a6 Kf6
40. a7 Ra3 41. Kf2 Kf5 42. Kf1 Kf6 43. Kf2 Kf5 44. Kf1 Ra2 45. Kg1 f3 46. gxf3
Kf4 47. Kf1 Kxf3 48. Ke1 Kf4 49. Kf1 f6 0-1